| 000 | 00737nam a2200205Ia 4500 | ||
|---|---|---|---|
| 001 | 2618 | ||
| 003 | GE_BSU | ||
| 008 | 181216s||||||||xx |||||||||||||| ||und|| | ||
| 040 | _cGE_BSU | ||
| 080 | _a81+82+39+94 | ||
| 245 | _aწელიწდეული II | ||
| 245 | _bილია ჭავჭავაძის სახელობის ქუთაისის სამეცნიერო ბიბლიოთეკა | ||
| 260 | _aქუთაისი | ||
| 260 | _c2010 | ||
| 300 | _a278 გვ. | ||
| 541 | _h12 . | ||
| 653 | _aსამეცნიერო კონფერენციაზე წაკითხული მასალები | ||
| 653 | _aწელიწდეული | ||
| 942 | _cBK | ||
| 999 |
_c36689 _d36689 |
||